书目信息 |
| 题名: |
Adobe After Effects CC 2018经典教程 : 彩色版
|
|
| 作者: | 布里·根希尔德 , 丽莎·弗里斯玛著 ;郝记生 译 | |
| 分册: | ||
| 出版信息: | 北京 人民邮电出版社 2018.11 |
|
| 页数: | 371页 | |
| 开本: | 24cm | |
| 丛书名: | ||
| 单 册: | ||
| 中图分类: | TP391.413 | |
| 科图分类: | ||
| 主题词: | 计算机应用 | |
| 电子资源: | ||
| ISBN: | 7-115-49251-4 | |
| 000 | 00839nam0 2200217 450 | |
| 001 | 1929647826 | |
| 005 | 20190120081837.53 | |
| 010 | @a7-115-49251-4@dCNY 118.00 | |
| 100 | @a20190120d2018 km y0chiy0120 ea | |
| 101 | 0 | @achi |
| 102 | @aCN@b110000 | |
| 200 | 1 | @aAdobe After Effects CC 2018经典教程 : 彩色版@AAdobe After Effects CC 2018 Jing Dian Jiao Cheng:Cai Se Ban@f(美) 布里·根希尔德, 丽莎·弗里斯玛著 ; 郝记生译@F(Mei)Bu Li·Gen Xi Er De,Li Sha·Fu Li Si Ma Zhu;Hao Ji Sheng Yi |
| 210 | @a北京@c人民邮电出版社@d2018.11 | |
| 215 | @a371页@d24cm | |
| 606 | 0 | @a计算机应用 |
| 690 | @aTP391.413@v4 | |
| 701 | 0 | @a布里·根希尔德@ABu Li·Gen Xi Er De |
| 701 | 0 | @a丽莎·弗里斯玛著@ALi Sha·Fu Li Si Ma Zhu |
| 702 | 0 | @a郝记生@AHao Ji Sheng@4译 |
| 801 | 0 | @aCN@b大连网信软件有限公司图书馆·11@c20190120 |
| 905 | @aZUCC@dTP391.413@eB982 | |
| Adobe After Effects CC 2018经典教程 : 彩色版/(美) 布里·根希尔德, 丽莎·弗里斯玛著 ; 郝记生译.-北京:人民邮电出版社,2018.11 |
| 371页;24cm |
| ISBN 7-115-49251-4:CNY 118.00 |
| ● |
| 相关链接 |
|
|
|
正题名:Adobe After Effects CC 2018经典教程 : 彩
索取号:TP391.413/B982
 
预约/预借
| 序号 | 登录号 | 条形码 | 馆藏地/架位号 | 状态 | 备注 |
| 1 | 1301786 | 213017867 | 生命科学与工程学院资料室/ [索取号:TP391.413/B982] | 在馆 |